00573 a2200157 450000500170000002000180001710000170003524500720005225000120012426000490013630000380018570000200022394200130024399900150025695201440027120250603092453.0 a81-219-2948-2 aTULSIAN, P.C aBusiness Statistics: A Self Study Textbook for Professional Courses a2nd Ed. aNew DelhibS. CHAND & COMPANY PVT. LTDc2014 axvii, ill; tables.bNotes,c24 cm aJHUNJHNUWALA, B 2ddccBKS c3089d3089 r2025-06-03 09:27:05l0o519.5 TULpMBY00023v285000.00w2025-06-03yBKS102ddc407000a002b002cSPECIALd2025-02-21ePURCHASEg95000.00